| 000 | 00600nam a2200205 u 4500 | ||
|---|---|---|---|
| 005 | 20240831063727.0 | ||
| 008 | 090608s1999 es r 000 0 spa d | ||
| 020 | _a8495129183 | ||
| 035 | _aUPN01000171061 | ||
| 049 | _aI | ||
| 050 | 4 |
_aPZ74.9 _bB3.6 |
|
| 100 | 1 | _aBarrionuevo Almansa, María | |
| 245 | 1 | 0 |
_aPiel de nube y otros cuentos / _cMaría Barrionuevo Almansa. |
| 260 |
_aMálaga, Esp. : _bSarriá, _c1999. |
||
| 300 |
_a58 p. : _bil. col. |
||
| 440 | 0 |
_aLeones ; _v7. _pA partir de 6 años |
|
| 650 | 4 |
_aCuentos infantiles españoles _97725 |
|
| 905 | _aInfantil | ||
| 999 |
_c143166 _d143166 |
||